[Event "FIDE World Uni Blitz-C 1st"]
[Site "Tornelo INT"]
[Date "2021.03.13"]
[Round "9.49"]
[White "Correa Atucsa, Breiner Roiser"]
[Black "Nabanita, Pattanayak"]
[Result "1-0"]
[WhiteElo "2245"]
[BlackElo "1465"]
[PlyCount "39"]
[EventDate "2021.03.13"]
[EventType "swiss (blitz)"]
[EventRounds "10"]
[EventCountry "NET"]
[SourceTitle "EXT 2022"]
[Source "ChessBase"]
[SourceDate "2021.10.06"]
[SourceVersion "1"]
[SourceVersionDate "2021.10.06"]
[SourceQuality "1"]

1. d4 d5 2. g3 Nf6 3. Bg2 Bf5 4. c4 c6 5. Qb3 Qd7 6. Nf3 e6 7. 0-0 Be7 8. Ne5 Qc7 9. Nc3 0-0 10. Bf4 Qb6 11. c5 Qxb3 12. axb3 Nbd7 13. b4 Nxe5 14. Bxe5 Nd7 15. Bf4 b6 16. Ra6 Rfc8 17. Rfa1 bxc5 18. bxc5 Rd8 19. Rxa7 Rxa7 20. Rxa7 1-0

[Event "FIDE World Uni Blitz-C 1st"]
[Site "Tornelo INT"]
[Date "2021.03.13"]
[Round "1.32"]
[White "Correa Atucsa, Breiner Roiser"]
[Black "Shivaram, Acharya"]
[Result "1-0"]
[WhiteElo "2245"]
[BlackElo "1145"]
[PlyCount "69"]
[EventDate "2021.03.13"]
[EventType "swiss (blitz)"]
[EventRounds "10"]
[EventCountry "NET"]
[SourceTitle "EXT 2022"]
[Source "ChessBase"]
[SourceDate "2021.10.06"]
[SourceVersion "1"]
[SourceVersionDate "2021.10.06"]
[SourceQuality "1"]

1. d4 d6 2. Nf3 g6 3. g3 Bg7 4. Bg2 Nf6 5. 0-0 c6 6. c4 0-0 7. Nc3 Nbd7 8. e4 Re8 9. h3 e5 10. Re1 exd4 11. Nxd4 Nc5 12. Rb1 a5 13. Bf4 h6 14. Nb3 Nxb3 15. axb3 Qb6 16. Bxd6 Rd8 17. Na4 Qa7 18. e5 Ne8 19. c5 Be6 20. Nb6 Qa6 21. Bf1 Qa7 22. Nxa8 Qxa8 23. Qc2 Qc8 24. Bc4 Bf5 25. Bd3 Bxh3 26. Qc4 Be6 27. Qh4 Qd7 28. Bc4 Bxc4 29. bxc4 f6 30. exf6 Bxf6 31. Qxh6 Nxd6 32. Qxg6+ Bg7 33. cxd6 Rf8 34. Re7 Rf6 35. Qxg7# 1-0

[Event "South America-ch U18 13th"]
[Site "Santiago de Chile"]
[Date "2016.12.02"]
[Round "2"]
[White "Maciel, Diogo Alves"]
[Black "Correa Atucsa, Breiner Roiser"]
[Result "1/2-1/2"]
[WhiteElo "1964"]
[BlackElo "2148"]
[PlyCount "75"]
[EventDate "2016.12.01"]
[EventType "swiss"]
[EventRounds "9"]
[EventCountry "CHI"]
[SourceTitle "EXT 2018"]
[Source "ChessBase"]
[SourceDate "2017.10.13"]
[SourceVersion "1"]
[SourceVersionDate "2017.10.13"]
[SourceQuality "1"]

1. d4 Nf6 2. Nf3 g6 3. g3 b6 4. Bg2 Bb7 5. c4 Bg7 6. 0-0 0-0 7. Nc3 Ne4 8. Nxe4 Bxe4 9. Ne1 Bxg2 10. Nxg2 c5 11. dxc5 bxc5 12. Qd5 Na6 13. Rd1 Qc7 14. Bf4 d6 15. Qd2 Qb7 16. Rab1 Qb4 17. Qc2 Rfb8 18. Ne1 Qb7 19. Bd2 Nc7 20. Nf3 a5 21. Bc3 Bxc3 22. Qxc3 Qe4 23. Nd2 Qc6 24. h4 h5 25. b3 Ne6 26. Nf3 Qe4 27. Rb2 a4 28. Rdd2 Ra7 29. bxa4 Rba8 30. Rd1 Rxa4 31. Rdb1 f6 32. Rb8+ Kf7 33. Qd2 Rxb8 34. Rxb8 Ra8 35. Rxa8 Qxa8 36. Qc2 Qa5 37. Qb3 Kg7 38. Kf1 1/2-1/2

[Event "PER-ch U20"]
[Site "Lima"]
[Date "2016.04.20"]
[Round "1"]
[White "Correa Atucsa, Breiner Roiser"]
[Black "Gutierrez Bravo, Nicole Abigail"]
[Result "1-0"]
[WhiteElo "2088"]
[BlackElo "1695"]
[PlyCount "97"]
[EventDate "2016.04.20"]
[EventType "swiss"]
[EventRounds "9"]
[EventCountry "PER"]
[SourceTitle "CBM 172 Extra"]
[Source "ChessBase"]
[SourceDate "2016.06.21"]
[SourceVersion "1"]
[SourceVersionDate "2016.06.21"]
[SourceQuality "1"]

1. d4 Nf6 2. c4 e6 3. g3 Bb4+ 4. Bd2 Qe7 5. Bg2 0-0 6. Nf3 c6 7. Nc3 b6 8. 0-0 Bb7 9. a3 Bxc3 10. Bxc3 d5 11. Qb3 Nbd7 12. Qc2 Rac8 13. cxd5 Nxd5 14. Bd2 c5 15. Qb3 N7f6 16. Rfc1 Rfd8 17. Be1 a6 18. dxc5 bxc5 19. Ne5 Nd7 20. Ba5 Rf8 21. Nc4 Bc6 22. Rd1 f5 23. e3 Qf6 24. Qc2 Rb8 25. Rab1 Qe7 26. Bc7 Nxc7 27. Bxc6 Rfd8 28. Bxd7 Rxd7 29. Ne5 Rd6 30. b4 cxb4 31. Nc6 Rxc6 32. Qxc6 Nd5 33. axb4 Rb6 34. Qc8+ Kf7 35. Rd4 Qb7 36. Qc4 Rc6 37. Qd3 g6 38. e4 Nf6 39. exf5 gxf5 40. Re1 Kg7 41. Qe3 Kg6 42. h4 h6 43. h5+ Kg7 44. Qe5 Kf7 45. Red1 Qe7 46. Rd6 Rxd6 47. Rxd6 Nxh5 48. Rxa6 Nf6 49. b5 1-0

[Event "PER-ch"]
[Site "Lima"]
[Date "2016.02.11"]
[Round "3"]
[White "Terry, Renato"]
[Black "Correa Atucsa, Breiner Roiser"]
[Result "1-0"]
[WhiteElo "2447"]
[BlackElo "2152"]
[PlyCount "73"]
[EventDate "2016.02.10"]
[EventType "swiss"]
[EventRounds "9"]
[EventCountry "PER"]
[SourceTitle "CBM 171 Extra"]
[Source "ChessBase"]
[SourceDate "2016.04.26"]
[SourceVersion "1"]
[SourceVersionDate "2016.04.26"]
[SourceQuality "1"]

1. d4 Nf6 2. Nf3 g6 3. g3 Bg7 4. Bg2 d5 5. 0-0 0-0 6. Nbd2 Ne4 7. Nxe4 dxe4 8. Ng5 Qxd4 9. Qxd4 Bxd4 10. Rd1 Bg7 11. Nxe4 Na6 12. c3 Bg4 13. Kf1 Rfd8 14. Be3 Rxd1+ 15. Rxd1 c6 16. a4 h6 17. a5 Kf8 18. f4 Be6 19. Nf2 Ke8 20. Nd3 Bd5 21. Bf2 e6 22. e4 Bb3 23. Rd2 Bc4 24. Ke1 Bxd3 25. Rxd3 Nb8 26. e5 a6 27. c4 Nd7 28. Rb3 Rb8 29. Ba7 Rc8 30. Rxb7 Bf8 31. Kd2 Nc5 32. Bxc5 Bxc5 33. b4 Bg1 34. h3 Bh2 35. Rb6 Kd7 36. Rxa6 Bxg3 37. Ke3 1-0

[Event "South America-ch U16 12th"]
[Site "Santa Cruz"]
[Date "2015.12.06"]
[Round "8"]
[White "Correa Atucsa, Breiner Roiser"]
[Black "Robledo, Cristian"]
[Result "1-0"]
[WhiteElo "2036"]
[BlackElo "2127"]
[PlyCount "119"]
[EventDate "2015.12.02"]
[EventType "swiss"]
[EventRounds "9"]
[EventCountry "BOL"]
[SourceTitle "CBM 170 Extra"]
[Source "ChessBase"]
[SourceDate "2016.02.25"]
[SourceVersion "1"]
[SourceVersionDate "2016.02.25"]
[SourceQuality "1"]

1. d4 d5 2. c4 c6 3. Nf3 Nf6 4. e3 Bf5 5. Nc3 e6 6. Qb3 Qb6 7. c5 Qc7 8. Ne5 Nbd7 9. Nxd7 Nxd7 10. Be2 Be7 11. 0-0 0-0 12. f4 Bg6 13. Bd2 Kh8 14. Be1 Rfe8 15. Bg3 Qc8 16. Qd1 f6 17. b4 b5 18. a4 a6 19. Qd2 e5 20. fxe5 fxe5 21. dxe5 Qd8 22. axb5 axb5 23. Rxa8 Qxa8 24. e4 d4 25. Qxd4 Rd8 26. Qe3 Rc8 27. Rd1 Nf8 28. h4 Bf7 29. Kh2 Be6 30. Bh5 Rd8 31. Rd4 Rxd4 32. Qxd4 Bc4 33. Be2 Be6 34. Nd1 Qe8 35. Ne3 Qg6 36. Bf3 Qf7 37. Nf5 g6 38. Nxe7 Qxe7 39. Qd6 Qe8 40. Bf4 Kg7 41. Bg5 Kf7 42. Bh6 Qe7 43. Kg3 Qxd6 44. exd6 Nd7 45. Kf4 Nb8 46. Bg5 Na6 47. Bg4 Bxg4 48. Kxg4 Ke6 49. Bd2 Nb8 50. Kg5 Nd7 51. Bc3 Kf7 52. Kh6 Nf8 53. Bg7 Ne6 54. d7 Ke7 55. Kxh7 Nf4 56. g3 Nd3 57. Bc3 Kxd7 58. Kxg6 Nf2 59. h5 Nxe4 60. h6 1-0

[Event "South America-ch U16 12th"]
[Site "Santa Cruz"]
[Date "2015.12.06"]
[Round "7"]
[White "Noboa Silva, Kevin Omar"]
[Black "Correa Atucsa, Breiner Roiser"]
[Result "1/2-1/2"]
[WhiteElo "2070"]
[BlackElo "2036"]
[PlyCount "120"]
[EventDate "2015.12.02"]
[EventType "swiss"]
[EventRounds "9"]
[EventCountry "BOL"]
[SourceTitle "CBM 170 Extra"]
[Source "ChessBase"]
[SourceDate "2016.02.25"]
[SourceVersion "1"]
[SourceVersionDate "2016.02.25"]
[SourceQuality "1"]

1. e4 e6 2. d4 d5 3. Nd2 c5 4. Ngf3 Nf6 5. exd5 Qxd5 6. Bc4 Qd6 7. dxc5 Qxc5 8. Qe2 Be7 9. 0-0 0-0 10. c3 Qc7 11. Nb3 Nc6 12. Rd1 Bd7 13. Bg5 Rad8 14. Bh4 Bc8 15. Nbd4 Nxd4 16. Nxd4 a6 17. Bd3 Nd5 18. Bxe7 Qxe7 19. Qf3 Rd6 20. Re1 Qf6 21. Be4 Qxf3 22. Bxf3 Ne7 23. g3 Rfd8 24. h4 f6 25. Nb3 e5 26. Rad1 Kf7 27. Kg2 e4 28. Bh5+ g6 29. Rxd6 Rxd6 30. Bd1 f5 31. Nd4 Be6 32. Nxe6 Kxe6 33. Bb3+ Ke5 34. Re2 Kf6 35. f3 exf3+ 36. Kxf3 h6 37. Kg2 g5 38. hxg5+ hxg5 39. Bc2 g4 40. Rf2 Kg5 41. c4 b6 42. b4 Rd4 43. Bb3 Nc6 44. a3 Ne7 45. Re2 Rd3 46. Bc2 Rc3 47. Bb1 Nc6 48. Re8 Rxc4 49. Rg8+ Kf6 50. Rf8+ Ke5 51. Rxf5+ Kd4 52. Rf4+ Kc3 53. Be4 Ne5 54. Bb7 Kb3 55. Bd5 b5 56. Re4 Kxa3 57. Bxc4 Nxc4 58. Re6 Kxb4 59. Rxa6 Kc3 60. Ra1 b4 1/2-1/2

[Event "South America-ch U16 12th"]
[Site "Santa Cruz"]
[Date "2015.12.05"]
[Round "6"]
[White "Correa Atucsa, Breiner Roiser"]
[Black "Kimelman, Gabriel"]
[Result "1-0"]
[WhiteElo "2036"]
[BlackElo "2103"]
[PlyCount "101"]
[EventDate "2015.12.02"]
[EventType "swiss"]
[EventRounds "9"]
[EventCountry "BOL"]
[SourceTitle "CBM 170 Extra"]
[Source "ChessBase"]
[SourceDate "2016.02.25"]
[SourceVersion "1"]
[SourceVersionDate "2016.02.25"]
[SourceQuality "1"]

1. d4 Nf6 2. c4 e6 3. Nf3 Bb4+ 4. Bd2 Be7 5. g3 b6 6. Bg2 Bb7 7. Nc3 0-0 8. 0-0 d5 9. Ne5 Nbd7 10. Qa4 Nxe5 11. dxe5 Nd7 12. cxd5 Nc5 13. Qg4 exd5 14. Bh6 Ne6 15. Nxd5 Bxd5 16. Rfd1 Bg5 17. Rxd5 Qe7 18. Bxg5 Qxg5 19. Qxg5 Nxg5 20. Rd7 Rac8 21. Bb7 Rb8 22. Rxc7 Ne6 23. Re7 Rfe8 24. Rxe8+ Rxe8 25. Rd1 Kf8 26. f4 Ke7 27. Bc6 Rc8 28. Rd7+ Kf8 29. Bd5 Rc2 30. Bxe6 fxe6 31. Rxa7 Rxe2 32. b4 b5 33. a3 Ra2 34. Ra5 Kf7 35. Rxb5 Rxa3 36. Kg2 Kg6 37. Rb7 Rb3 38. Kh3 Rb2 39. Re7 Rxb4 40. Rxe6+ Kf7 41. Ra6 Rb7 42. Ra2 Rc7 43. Kg4 Rb7 44. h4 Rc7 45. h5 Rb7 46. Kf5 Ke7 47. g4 Kf7 48. Ra8 Re7 49. Rh8 g6+ 50. hxg6+ hxg6+ 51. Kg5 1-0

[Event "South America-ch U16 12th"]
[Site "Santa Cruz"]
[Date "2015.12.04"]
[Round "4"]
[White "Escalante Ramirez, Brian Sebastian"]
[Black "Correa Atucsa, Breiner Roiser"]
[Result "1/2-1/2"]
[WhiteElo "2348"]
[BlackElo "2036"]
[PlyCount "127"]
[EventDate "2015.12.02"]
[EventType "swiss"]
[EventRounds "9"]
[EventCountry "BOL"]
[SourceTitle "CBM 170 Extra"]
[Source "ChessBase"]
[SourceDate "2016.02.25"]
[SourceVersion "1"]
[SourceVersionDate "2016.02.25"]
[SourceQuality "1"]

1. e4 e5 2. Nf3 Nc6 3. Bc4 Bc5 4. c3 Nf6 5. d3 d6 6. b4 Bb6 7. Bg5 h6 8. Bxf6 Qxf6 9. Nbd2 g5 10. 0-0 h5 11. a4 a6 12. Nb3 g4 13. Ne1 h4 14. b5 g3 15. d4 gxh2+ 16. Kh1 axb5 17. Bxb5 Bd7 18. d5 Na5 19. Nxa5 Rxa5 20. Bxd7+ Kxd7 21. Nd3 Rg8 22. f4 h3 23. g4 Qg6 24. Qf3 Qxg4 25. Qxg4+ Rxg4 26. Kxh2 Rg2+ 27. Kxh3 Rd2 28. Rf3 f5 29. Re1 Rxa4 30. Nb4 Rxb4 31. cxb4 fxe4 32. Rxe4 exf4 33. Rfxf4 Rxd5 34. Kg2 Kc6 35. Kf3 Kb5 36. Ke2 Rh5 37. Rh4 Rg5 38. Rhg4 Rd5 39. Rg8 Rd4 40. Rxd4 Bxd4 41. Rb8 b6 42. Rc8 c5 43. bxc5 dxc5 44. Kd3 Kb4 45. Rf8 b5 46. Kc2 Kc4 47. Rd8 Bf6 48. Rd6 Be5 49. Rd7 b4 50. Rb7 Bd6 51. Rh7 b3+ 52. Kb2 Be5+ 53. Ka3 b2 54. Ka2 Kc3 55. Kb1 c4 56. Rh3+ Kd2 57. Rh4 c3 58. Rc4 Kd3 59. Rc8 Bd4 60. Rc7 Be3 61. Rc8 Kd4 62. Kc2 Kd5 63. Rd8+ Kc5 64. Re8 1/2-1/2

[Event "PER-ch"]
[Site "Lima"]
[Date "2015.05.03"]
[Round "8"]
[White "Correa Atucsa, Breiner Roiser"]
[Black "Vera Siguenas, Deivy Anthoni"]
[Result "1/2-1/2"]
[WhiteElo "2008"]
[BlackElo "2469"]
[PlyCount "100"]
[EventDate "2015.04.30"]
[EventType "swiss"]
[EventRounds "8"]
[EventCountry "PER"]
[SourceTitle "CBM 166 Extra"]
[Source "ChessBase"]
[SourceDate "2015.06.18"]
[SourceVersion "1"]
[SourceVersionDate "2015.06.18"]
[SourceQuality "1"]

1. d4 Nf6 2. c4 g6 3. g3 Bg7 4. Bg2 0-0 5. Nc3 d6 6. Nf3 Nc6 7. 0-0 a6 8. Qd3 Bd7 9. d5 Nb4 10. Qd1 a5 11. Re1 e5 12. dxe6 Bxe6 13. Nd4 Bxc4 14. Bxb7 c5 15. Nc2 Rb8 16. Bg2 d5 17. Ne3 Ba6 18. Nexd5 Nfxd5 19. Nxd5 Nxd5 20. Qxd5 Qxd5 21. Bxd5 Rfd8 22. e4 c4 23. a4 Bxb2 24. Bxb2 Rxb2 25. Rec1 Rc8 26. Rc3 Kf8 27. Kg2 Ke7 28. Kf3 Kd6 29. Ke3 Kc5 30. Rac1 Rb4 31. Bxf7 Rf8 32. Be6 Rxa4 33. f4 Rb4 34. f5 gxf5 35. exf5 a4 36. Kf4 Rb3 37. Rxc4+ Bxc4 38. Rxc4+ Kb5 39. Rxa4 Kxa4 40. Bxb3+ Kxb3 41. Ke5 Kc4 42. Ke6 Kd4 43. f6 Ke4 44. f7 Kf3 45. Ke7 Ra8 46. f8Q+ Rxf8 47. Kxf8 Kg2 48. Kg7 Kxh2 49. g4 Kg3 50. Kxh7 Kxg4 1/2-1/2

[Event "PER-ch"]
[Site "Lima"]
[Date "2015.05.01"]
[Round "3"]
[White "Correa Atucsa, Breiner Roiser"]
[Black "Collado, Victor"]
[Result "1-0"]
[WhiteElo "2008"]
[BlackElo "1680"]
[PlyCount "30"]
[EventDate "2015.04.30"]
[EventType "swiss"]
[EventRounds "8"]
[EventCountry "PER"]
[SourceTitle "CBM 166 Extra"]
[Source "ChessBase"]
[SourceDate "2015.06.18"]
[SourceVersion "1"]
[SourceVersionDate "2015.06.18"]
[SourceQuality "1"]

1. d4 Nf6 2. c4 c5 3. d5 d6 4. Nc3 e6 5. e4 exd5 6. cxd5 g6 7. Nf3 Bg7 8. Bb5+ Kf8 9. a4 a6 10. Bd3 Bg4 11. h3 Bxf3 12. Qxf3 Nbd7 13. Qe2 Ne5 14. Bc2 Ne8 15. 0-0 f6 1-0

[Event "PER-ch"]
[Site "Lima"]
[Date "2015.05.01"]
[Round "4"]
[White "Rivera, Gerson"]
[Black "Correa Atucsa, Breiner Roiser"]
[Result "1-0"]
[WhiteElo "1643"]
[BlackElo "2008"]
[PlyCount "87"]
[EventDate "2015.04.30"]
[EventType "swiss"]
[EventRounds "8"]
[EventCountry "PER"]
[SourceTitle "CBM 166 Extra"]
[Source "ChessBase"]
[SourceDate "2015.06.18"]
[SourceVersion "1"]
[SourceVersionDate "2015.06.18"]
[SourceQuality "1"]

1. e4 e6 2. d4 d5 3. exd5 exd5 4. Bd3 Nf6 5. Ne2 c5 6. c3 Nc6 7. 0-0 h6 8. Re1 c4 9. Ng3+ Be7 10. Bc2 0-0 11. Nf5 Bxf5 12. Bxf5 Qc7 13. Nd2 Bd6 14. Nf3 Rab8 15. Be3 b5 16. Qc1 Ne7 17. Bc2 Ne4 18. g3 f5 19. Ne5 Bxe5 20. dxe5 Ng6 21. f4 a5 22. Bxe4 dxe4 23. Qc2 Rfd8 24. Bd4 Nf8 25. g4 g6 26. gxf5 gxf5 27. Qg2+ Kh7 28. Kh1 Ne6 29. Qf2 Rg8 30. Rad1 Rg4 31. Be3 Rbg8 32. Rd6 Nxf4 33. Bxf4 R8g7 34. Bxh6 Qb7 35. Qxf5+ R4g6 36. Rxg6 Rxg6 37. Qxe4 Qxe4+ 38. Rxe4 Kxh6 39. e6 Rg8 40. e7 Re8 41. a3 Kg6 42. Kg2 Kf6 43. Kf3 Rxe7 44. Rxe7 1-0

[Event "South America-ch U16 11th"]
[Site "Montevideo"]
[Date "2014.09.14"]
[Round "9"]
[White "Escalante Ramirez, Brian Sebastian"]
[Black "Correa Atucsa, Breiner Roiser"]
[Result "1-0"]
[WhiteElo "1969"]
[BlackElo "1903"]
[PlyCount "41"]
[EventDate "2014.09.08"]
[EventType "swiss"]
[EventRounds "9"]
[EventCountry "URU"]
[SourceTitle "EXT 2016"]
[Source "ChessBase"]
[SourceDate "2015.10.08"]
[SourceVersion "1"]
[SourceVersionDate "2015.10.08"]
[SourceQuality "1"]

1. e4 e6 2. d4 d5 3. Nd2 Be7 4. Bd3 c5 5. dxc5 Nf6 6. Qe2 0-0 7. Ngf3 a5 8. 0-0 Na6 9. e5 Nd7 10. c3 Naxc5 11. Bc2 f6 12. exf6 Bxf6 13. Nb3 b6 14. Re1 a4 15. Nbd4 Re8 16. Nc6 Qc7 17. Ng5 Bxg5 18. Bxg5 Ba6 19. Qh5 g6 20. Bxg6 Nf8 21. Bxe8 1-0

[Event "South America-ch U16 11th"]
[Site "Montevideo"]
[Date "2014.09.09"]
[Round "3"]
[White "Correa Atucsa, Breiner Roiser"]
[Black "Aguilar, Luis Miguel"]
[Result "1/2-1/2"]
[WhiteElo "1903"]
[BlackElo "2035"]
[PlyCount "46"]
[EventDate "2014.09.08"]
[EventType "swiss"]
[EventRounds "9"]
[EventCountry "URU"]
[SourceTitle "EXT 2016"]
[Source "ChessBase"]
[SourceDate "2015.10.08"]
[SourceVersion "1"]
[SourceVersionDate "2015.10.08"]
[SourceQuality "1"]

1. d4 Nf6 2. c4 e6 3. Nc3 c5 4. d5 exd5 5. cxd5 d6 6. e4 g6 7. Bd3 Bg7 8. h3 0-0 9. Bg5 Na6 10. Nf3 Nc7 11. a4 Re8 12. 0-0 Rb8 13. Qd2 a6 14. Rab1 Bd7 15. b4 cxb4 16. Rxb4 b5 17. axb5 Nxb5 18. Nxb5 Bxb5 19. Bxb5 Rxb5 20. Rxb5 axb5 21. Qb4 h6 22. Bxf6 Bxf6 23. Nd2 Qb6 1/2-1/2

[Event "Pan American-ch U16"]
[Site "Oaxtepec"]
[Date "2014.07.12"]
[Round "2"]
[White "Zapata Arbelaes, Estiven"]
[Black "Correa Atucsa, Breiner Roiser"]
[Result "1-0"]
[WhiteElo "2124"]
[BlackElo "1853"]
[PlyCount "47"]
[EventDate "2014.07.11"]
[EventType "swiss"]
[EventRounds "9"]
[EventCountry "MEX"]
[SourceTitle "EXT 2022"]
[Source "ChessBase"]
[SourceDate "2021.10.06"]
[SourceVersion "1"]
[SourceVersionDate "2021.10.06"]
[SourceQuality "1"]

1. d4 e6 2. c4 Nf6 3. Nc3 Bb4 4. Qc2 0-0 5. a3 Bxc3+ 6. Qxc3 d5 7. e3 b6 8. b4 c5 9. Nf3 Bb7 10. Bb2 Ne4 11. Qb3 cxd4 12. Bxd4 Nc6 13. Bb2 a5 14. cxd5 exd5 15. Bb5 axb4 16. axb4 Rxa1+ 17. Bxa1 Qe7 18. Bxc6 Bxc6 19. Nd4 Bd7 20. 0-0 Nd2 21. Qb2 Nxf1 22. Nf5 Qg5 23. h4 Nxe3 24. Ne7+ 1-0

[Event "Lima IRT op 4th"]
[Site "Lima"]
[Date "2014.01.26"]
[Round "6"]
[White "Rengifo Blancas, Renzo Jhonathan"]
[Black "Correa Atucsa, Breiner Roiser"]
[Result "1/2-1/2"]
[WhiteElo "1796"]
[BlackElo "1849"]
[PlyCount "55"]
[EventDate "2014.01.22"]
[EventType "swiss"]
[EventRounds "7"]
[EventCountry "PER"]
[SourceTitle "CBM 158 Extra"]
[Source "ChessBase"]
[SourceDate "2014.02.28"]
[SourceVersion "1"]
[SourceVersionDate "2014.02.28"]
[SourceQuality "1"]

1. e4 e6 2. d4 d5 3. Nd2 Nf6 4. e5 Nfd7 5. Bd3 c5 6. c3 Nc6 7. Ngf3 g6 8. h4 h6 9. a3 Qb6 10. Qa4 Bg7 11. Kf1 a6 12. Kg1 Qa7 13. c4 b5 14. cxb5 axb5 15. Qxa7 Nxa7 16. dxc5 Nxc5 17. Be2 Nd7 18. Nd4 Rb8 19. f4 Nc5 20. b3 g5 21. hxg5 hxg5 22. Rxh8+ Bxh8 23. g3 f6 24. exf6 Bxf6 25. Bb2 gxf4 26. gxf4 Bd7 27. Re1 Ke7 28. Rc1 1/2-1/2